[Event "StM 2004"]
[Site "Hartberg"]
[Date "2004.??.??"]
[Round "8.16"]
[White "Brod, Manfred"]
[Black "Neumeier, Klaus"]
[Result "0-1"]
[WhiteElo "2233"]
[BlackElo "2305"]
[PlyCount "102"]
[EventDate "2004.??.??"]

1. e4 e5 2. Nf3 Nc6 3. d4 exd4 4. Nxd4 Nf6 5. Nxc6 bxc6 6. e5 Qe7 7. Qe2 Nd5 8.
c4 Nb6 9. Nc3 Qe6 10. Qe4 Bb4 11. Bd2 Ba6 12. b3 Bxc3 13. Bxc3 d5 14. Qh4 dxc4
15. Be2 Nd5 16. Bxc4 g5 17. Qd4 Bxc4 18. Qxc4 O-O-O 19. O-O Nf4 20. Qxe6+ fxe6
21. Rfe1 Rd3 22. Bb4 Rd5 23. Be7 Rg8 24. Re3 Kd7 25. Ba3 g4 26. Re4 Nd3 27. Rd1
Nxf2 28. Rxd5+ cxd5 29. Rf4 Nd3 30. Rf7+ Kc6 31. Re7 Rg6 32. Rxh7 Rg5 33. Be7
Rxe5 34. Bh4 Re2 35. Bg3 e5 36. Rg7 Rxa2 37. Kf1 d4 38. Rxg4 Kd5 39. Rg5 Ke4
40. h4 Ra1+ 41. Ke2 Nf4+ 42. Bxf4 d3+ 43. Kd2 Ra2+ 44. Ke1 Kxf4 45. g3+ Ke4 46.
h5 Kd4 47. h6 e4 48. h7 Rh2 49. Rg7 Ke3 50. Kf1 d2 51. Rd7 Rxh7 0-1

[Event "StM 2004"]
[Site "Hartberg"]
[Date "2004.??.??"]
[Round "8.18"]
[White "Wegerer, Fred"]
[Black "Petschar, Kurt"]
[Result "1-0"]
[WhiteElo "2230"]
[BlackElo "2289"]
[PlyCount "71"]
[EventDate "2004.??.??"]

1. Nf3 d5 2. d4 Nf6 3. Nbd2 c5 4. e3 g6 5. c3 Qc7 6. Bd3 Bg7 7. O-O O-O 8. Ne5
Bf5 9. Bxf5 gxf5 10. f3 Nc6 11. Nd3 cxd4 12. exd4 e6 13. Nb3 Ne7 14. Bf4 Qc8
15. Qd2 Ng6 16. Bg5 a5 17. a4 Qe8 18. Rfe1 b6 19. Re2 Kh8 20. Nbc1 Nh5 21. g4
fxg4 22. fxg4 Nf6 23. Nf2 Qc6 24. Qe3 Rae8 25. Ncd3 Nd7 26. Bh6 Qd6 27. Bxg7+
Kxg7 28. Rae1 Rb8 29. g5 b5 30. axb5 Rxb5 31. Ng4 a4 32. Qh3 Nf4 33. Qh6+ Kh8
34. Nde5 Nxe2+ 35. Rxe2 Nxe5 36. Qf6+ 1-0

[Event "StM 2004"]
[Site "Hartberg"]
[Date "2004.??.??"]
[Round "8.19"]
[White "Holzer, Gerhard"]
[Black "Wallis, Anton"]
[Result "1-0"]
[WhiteElo "2270"]
[BlackElo "2177"]
[PlyCount "45"]
[EventDate "2004.??.??"]

1. e4 c5 2. Nf3 d6 3. d4 cxd4 4. Nxd4 Nf6 5. Nc3 a6 6. Qf3 e6 7. Be2 Qc7 8. g4
Nc6 9. Nxc6 Qxc6 10. Be3 b5 11. g5 Nd7 12. a3 Bb7 13. Qh3 Ne5 14. f4 Nc4 15. g6
f5 16. Bxc4 Qxc4 17. Qxh7 Bxe4 18. Rf1 Rxh7 19. gxh7 d5 20. h8=Q d4 21. Nxe4
O-O-O 22. Qxf8 fxe4 23. Qb4 1-0

[Event "StM 2004"]
[Site "Hartberg"]
[Date "2004.??.??"]
[Round "8.20"]
[White "Kranz, Armin"]
[Black "Baumegger, Siegfried"]
[Result "0-1"]
[WhiteElo "2149"]
[BlackElo "2433"]
[PlyCount "56"]
[EventDate "2004.??.??"]

1. d4 Nf6 2. Nf3 e6 3. c4 c5 4. e3 d5 5. Nc3 Nc6 6. Bd3 a6 7. O-O dxc4 8. Bxc4
b5 9. Bd3 Bb7 10. b3 cxd4 11. exd4 Be7 12. Bb2 O-O 13. Rc1 Nb4 14. Bb1 Nbd5 15.
Ne2 Qa5 16. Ne5 Rfc8 17. Qd3 Ba3 18. Rxc8+ Rxc8 19. Ba1 Qd8 20. f3 g6 21. g4
Nd7 22. Nc4 bxc4 23. bxc4 Bd6 24. cxd5 Bxd5 25. Bb2 Nb6 26. Rf2 Bc4 27. Qd2 Nd5
28. Bc1 Bxe2 0-1

[Event "StM 2004"]
[Site "Hartberg"]
[Date "2004.??.??"]
[Round "8.22"]
[White "Hosp, Reinhard"]
[Black "Bezler, Rainer"]
[Result "0-1"]
[WhiteElo "2131"]
[BlackElo "2242"]
[PlyCount "118"]
[EventDate "2004.??.??"]

1. e4 e5 2. Nf3 Nf6 3. Nxe5 d6 4. Nf3 Nxe4 5. d4 d5 6. Bd3 Nc6 7. O-O Be7 8. c4
Nb4 9. Be2 dxc4 10. Na3 O-O 11. Nxc4 Nd5 12. Qb3 Nb6 13. Nce5 Be6 14. Qc2 Nf6
15. Rd1 Rc8 16. Bd3 h6 17. Nh4 Re8 18. Bf5 Bf8 19. Bxe6 Rxe6 20. Nf5 c5 21. Qb3
Qd5 22. Qg3 Kh7 23. Ne3 Qd6 24. Nf5 Qc7 25. Qd3 g6 26. Nh4 Nfd7 27. Nxf7 cxd4
28. Qxd4 Nf6 29. Nxh6 Rd8 30. Bf4 Rxd4 31. Bxc7 Rxd1+ 32. Rxd1 Bxh6 33. Bxb6
Rxb6 34. b3 Bf8 35. Kf1 Bb4 36. Nf3 Rd6 37. Rxd6 Bxd6 38. Ke2 Kg7 39. h3 Nd5
40. Kd2 Nf4 41. Nd4 Nxg2 42. Nb5 Bc5 43. f3 Nf4 44. Kc3 Nxh3 45. Kc4 Bg1 46.
Nd6 Ng5 47. f4 Nh3 48. f5 g5 49. Kd5 Kf6 50. Ke4 g4 51. Nxb7 g3 52. Kf3 Bf2 53.
Nd6 Ke5 54. Nc4+ Kxf5 55. b4 Ng5+ 56. Kg2 Ne6 57. a4 Nf4+ 58. Kf3 Nd3 59. b5
Ne5+ 0-1

[Event "StM 2004"]
[Site "Hartberg"]
[Date "2004.??.??"]
[Round "8.23"]
[White "Kastner, Walter"]
[Black "Poeltl, Thomas"]
[Result "1-0"]
[WhiteElo "2229"]
[BlackElo "2217"]
[PlyCount "103"]
[EventDate "2004.??.??"]

1. Nf3 c5 2. g3 d5 3. Bg2 Nc6 4. d4 Nf6 5. O-O cxd4 6. Nxd4 e5 7. Nxc6 bxc6 8.
c4 Be6 9. Nc3 Qd7 10. Bg5 Rd8 11. Qa4 Be7 12. Bxf6 Bxf6 13. Rfd1 O-O 14. cxd5
cxd5 15. Qxd7 Rxd7 16. Bxd5 Bxd5 17. Rxd5 Rb7 18. Rb1 Rc8 19. Ne4 Rc2 20. Rd2
Rxd2 21. Nxd2 Be7 22. Nc4 e4 23. e3 f5 24. Rd1 g6 25. b3 Kg7 26. Kf1 Kf6 27.
Ke2 Ke6 28. h3 Rd7 29. Rxd7 Kxd7 30. f3 Ke6 31. fxe4 fxe4 32. g4 Bb4 33. Nd2
Kd5 34. Nb1 Ke5 35. a3 Bc5 36. b4 Be7 37. Nc3 a6 38. Kd2 Bg5 39. a4 Bd8 40. Kc2
Bg5 41. Nd1 Kd5 42. Kb3 h5 43. b5 axb5 44. axb5 Bd8 45. Nc3+ Ke5 46. gxh5 gxh5
47. Kc4 Bb6 48. Nd5 Ba7 49. b6 Bb8 50. Kc5 Kf5 51. Nc7 Kg5 52. Kc6 1-0

[Event "StM 2004"]
[Site "Hartberg"]
[Date "2004.??.??"]
[Round "8.24"]
[White "Schwarhofer, Christopher"]
[Black "Titz, Heimo"]
[Result "1-0"]
[WhiteElo "2029"]
[BlackElo "2217"]
[PlyCount "129"]
[EventDate "2004.??.??"]

1. e4 c5 2. Nf3 Nc6 3. d4 cxd4 4. Nxd4 Nf6 5. Nc3 d6 6. f3 e5 7. Nb3 Be7 8. Be3
O-O 9. Qd2 a5 10. a4 Be6 11. O-O-O Nb4 12. g4 d5 13. g5 d4 14. gxf6 Bxf6 15.
Nxd4 exd4 16. Bxd4 Bxd4 17. Qxd4 Qh4 18. Rg1 g6 19. Nd5 Bxd5 20. exd5 Qxh2 21.
Rd2 Qh6 22. c3 Rac8 23. Kb1 Na6 24. Bxa6 bxa6 25. d6 Rc4 26. Qd3 Qh4 27. d7 Rd8
28. Qd6 Kg7 29. Qe5+ Qf6 30. Qxa5 Rc6 31. Re1 Qf4 32. Rd4 Qc7 33. Qg5 Rxd7 34.
Rh4 Re6 35. Reh1 Kg8 36. Rxh7 Rd1+ 37. Rxd1 Kxh7 38. Qh4+ Kg7 39. Rd8 g5 40.
Qxg5+ Rg6 41. Qd2 Qg3 42. Qd4+ Kh6 43. Ka2 Kg5 44. Rd5+ f5 45. Qd3 Rf6 46. Rd8
Qf2 47. Rg8+ Kf4 48. Qc4+ Kxf3 49. Qd5+ Kf4 50. Rg2 Qf1 51. Rg8 Qf2 52. Rg2 Qf1
53. Qd4+ Kf3 54. Rd2 Re6 55. Qd5+ Ke3 56. Rd1 Qxd1 57. Qxd1 Re4 58. Qe1+ Kf3
59. Qf1+ Kg4 60. Qxa6 f4 61. Qg6+ Kf3 62. Kb3 Ke3 63. Kc2 f3 64. Qxe4+ Kxe4 65.
Kd2 1-0

[Event "StM 2004"]
[Site "Hartberg"]
[Date "2004.??.??"]
[Round "8.27"]
[White "Sulyok, Michael"]
[Black "Koffler, Daniel"]
[Result "1/2-1/2"]
[WhiteElo "2219"]
[BlackElo "2080"]
[PlyCount "52"]
[EventDate "2004.??.??"]

1. c4 Nf6 2. Nc3 g6 3. e4 d6 4. d4 Bg7 5. h3 O-O 6. Bg5 c6 7. Nf3 Qa5 8. Bd3
Nbd7 9. O-O e5 10. d5 h6 11. Bd2 Qc7 12. Ne1 Nh5 13. g4 Nf4 14. Kh2 Qd8 15. Rg1
Qh4 16. Rg3 Nf6 17. Be2 Nxe2 18. Qxe2 Nxg4+ 19. Rxg4 Bxg4 20. Qxg4 Qxf2+ 21.
Qg2 Qxg2+ 22. Kxg2 f5 23. Nf3 Rf7 24. Rg1 Kh7 25. Be3 c5 26. h4 f4 1/2-1/2

[Event "StM 2004"]
[Site "Hartberg"]
[Date "2004.??.??"]
[Round "8.28"]
[White "Zoebisch, Herbert"]
[Black "Wiedner, Robert"]
[Result "1/2-1/2"]
[WhiteElo "2187"]
[BlackElo "2214"]
[PlyCount "36"]
[EventDate "2004.??.??"]

1. d4 Nf6 2. c4 e6 3. Nc3 Bb4 4. e3 b6 5. Nge2 Ne4 6. Bd2 Nxd2 7. Qxd2 Bb7 8.
a3 Be7 9. Nf4 d6 10. d5 e5 11. Nh5 g6 12. Ng3 f5 13. Nge2 Nd7 14. f4 O-O 15. g3
c5 16. Bg2 Bf6 17. O-O Qe7 18. Rfe1 e4 1/2-1/2

[Event "StM 2004"]
[Site "Hartberg"]
[Date "2004.??.??"]
[Round "8.29"]
[White "Hatzl, Stefan"]
[Black "Mayerhofer, Peter"]
[Result "0-1"]
[WhiteElo "2213"]
[BlackElo "2165"]
[PlyCount "58"]
[EventDate "2004.??.??"]

1. Nf3 c5 2. g3 Nc6 3. Bg2 g6 4. O-O Bg7 5. d3 d6 6. e4 e5 7. Ng5 f6 8. Nh3
Nge7 9. c4 O-O 10. Nc3 Be6 11. f4 Qd7 12. Nf2 f5 13. exf5 Nxf5 14. Rb1 Nfd4 15.
a3 Rae8 16. b4 exf4 17. Bxf4 b6 18. Nce4 Ne5 19. Bxe5 Bxe5 20. Ng5 Bf5 21. Bd5+
Kg7 22. g4 Ne2+ 23. Qxe2 Bxh2+ 24. Kxh2 Rxe2 25. gxf5 Qxf5 26. Nge4 Qf4+ 27.
Kg1 Qe3 28. bxc5 dxc5 29. a4 Rf4 0-1

[Event "StM 2004"]
[Site "Hartberg"]
[Date "2004.??.??"]
[Round "8.30"]
[White "Fandler, Simon"]
[Black "Gerhold, Michael"]
[Result "1/2-1/2"]
[WhiteElo "1997"]
[BlackElo "2203"]
[PlyCount "77"]
[EventDate "2004.??.??"]

1. e4 c5 2. Nf3 Nc6 3. d4 cxd4 4. Nxd4 Nf6 5. Nc3 e5 6. Ndb5 d6 7. Bg5 a6 8.
Na3 b5 9. Nd5 Be7 10. Bxf6 Bxf6 11. c3 Bg5 12. Nc2 Rb8 13. Bd3 O-O 14. O-O Be6
15. Nce3 Ne7 16. Qe2 Bxd5 17. Nxd5 Nxd5 18. exd5 f5 19. a4 e4 20. Bc2 Qb6 21.
axb5 axb5 22. Ra2 Qc5 23. Ra6 Bd8 24. g4 g6 25. gxf5 gxf5 26. Kh1 Kh8 27. Qd2
Bb6 28. b4 Qc4 29. Rg1 Rg8 30. Raa1 e3 31. fxe3 Bxe3 32. Qxe3 Qxd5+ 33. Be4
Qxe4+ 34. Qxe4 fxe4 35. Rad1 Rbc8 36. Rxg8+ Kxg8 37. Rxd6 Rxc3 38. Rd5 e3 39.
Kg2 1/2-1/2

[Event "StM 2004"]
[Site "Hartberg"]
[Date "2004.??.??"]
[Round "8.31"]
[White "Nickl, Klaus"]
[Black "Kuthan, Andreas"]
[Result "1-0"]
[WhiteElo "2171"]
[BlackElo "2269"]
[PlyCount "85"]
[EventDate "2004.??.??"]

1. d4 Nf6 2. Nf3 g6 3. Nc3 d5 4. Bf4 Bg7 5. e3 O-O 6. Be2 c5 7. Ne5 Nc6 8. O-O
Bf5 9. Nxc6 bxc6 10. Be5 Qa5 11. a3 Nd7 12. Bxg7 Kxg7 13. g4 Be6 14. dxc5 Qxc5
15. Qd4+ f6 16. Qxc5 Nxc5 17. f3 Bc8 18. b4 Nd7 19. b5 Bb7 20. Rfd1 Nb6 21. a4
a5 22. Rdb1 c5 23. Rd1 e5 24. Nb1 d4 25. exd4 exd4 26. c3 Rfe8 27. Kf2 Re3 28.
cxd4 Rae8 29. Rd2 cxd4 30. Bd1 d3 31. Na3 Re1 32. Rxd3 Nd5 33. Nc2 Rh1 34. Kg2
Nf4+ 35. Kxh1 Nxd3 36. Kg1 Nb2 37. Kf2 Rd8 38. Be2 Rd2 39. Ne1 Rd4 40. Rc1 Bd5
41. Rc7+ Kf8 42. Nc2 Rxa4 43. b6 1-0

[Event "StM 2004"]
[Site "Hartberg"]
[Date "2004.??.??"]
[Round "8.32"]
[White "Wagner, Stephan"]
[Black "Schein, Karl-Heinz"]
[Result "1/2-1/2"]
[WhiteElo "2253"]
[BlackElo "2174"]
[PlyCount "23"]
[EventDate "2004.??.??"]

1. c4 e5 2. Nc3 Nf6 3. e4 Bb4 4. Nge2 c6 5. g3 d5 6. exd5 cxd5 7. Bg2 Bxc3 8.
dxc3 dxc4 9. Qa4+ Bd7 10. Qxc4 Bc6 11. O-O O-O 12. Bg5 1/2-1/2

[Event "StM 2004"]
[Site "Hartberg"]
[Date "2004.??.??"]
[Round "8.33"]
[White "Scheffknecht, Philipp"]
[Black "Bachofner, Andreas"]
[Result "1/2-1/2"]
[WhiteElo "2171"]
[BlackElo "2230"]
[PlyCount "97"]
[EventDate "2004.??.??"]

1. d4 e6 2. c4 f5 3. g3 Nf6 4. Bg2 c6 5. Nh3 d5 6. cxd5 exd5 7. O-O Bd6 8. Bf4
O-O 9. Nc3 Na6 10. a3 Nc7 11. Bxd6 Qxd6 12. Nf4 Ne6 13. Nxe6 Bxe6 14. b4 Ne4
15. Qc2 Rae8 16. Rab1 Bd7 17. Nxe4 fxe4 18. Qc5 Qb8 19. e3 b6 20. Qc2 Rf6 21.
a4 Ref8 22. b5 Qe8 23. Qa2 Qe6 24. Rb2 h5 25. Rc1 h4 26. bxc6 Bxc6 27. a5 Be8
28. Rc7 R6f7 29. Rc1 g5 30. axb6 axb6 31. Qa6 Rf6 32. Rcb1 Qf5 33. Rc2 b5 34.
Qa2 R6f7 35. Rbb2 Bd7 36. Rc5 hxg3 37. hxg3 Be6 38. Rcxb5 Rc7 39. Rc2 Rh7 40.
Qa6 Qg4 41. Rb1 Bf7 42. Rcb2 Qf5 43. Rb7 Kg7 44. Re7 Rh6 45. Qb7 Rf6 46. Rb2
Rc8 47. Rc7 Rh8 48. Rbc2 Qg4 49. Rc1 1/2-1/2

[Event "StM 2004"]
[Site "Hartberg"]
[Date "2004.07.31"]
[Round "8.34"]
[White "Krebs, Johann"]
[Black "Petroczi, Thomas"]
[Result "1-0"]
[WhiteElo "2223"]
[BlackElo "2176"]
[PlyCount "81"]
[EventDate "2004.??.??"]

1. d4 Nf6 2. c4 e6 3. Nf3 b6 4. g3 Bb7 5. Bg2 Be7 6. Nc3 Ne4 7. Bd2 O-O 8. O-O
Bf6 9. Rc1 d6 10. Be1 c5 11. Qc2 Nxc3 12. Bxc3 Nd7 13. e4 cxd4 14. Nxd4 a6 15.
Rfd1 Qc7 16. Qe2 Rac8 17. b3 Rfd8 18. Bb2 Qb8 19. Rc2 Be7 20. Rcd2 Ne5 21. Ba3
Nc6 22. f4 Bf8 23. h4 Ba8 24. Qf2 b5 25. cxb5 axb5 26. Kh2 b4 27. Bb2 Rd7 28.
Rc2 Rdc7 29. Rdc1 Qa7 30. Nb5 Qxf2 31. Rxf2 Rb7 32. Nd4 Rbb8 33. Rfc2 Na7 34.
Rxc8 Rxc8 35. Rxc8 Nxc8 36. f5 d5 37. fxe6 dxe4 38. exf7+ Kxf7 39. Bc1 Bc5 40.
Nc2 Ke6 41. Bh3+ 1-0

[Event "StM 2004"]
[Site "Hartberg"]
[Date "2004.07.31"]
[Round "8.35"]
[White "Herrmann, Johann"]
[Black "Ferrari, Josef"]
[Result "0-1"]
[WhiteElo "2168"]
[BlackElo "2220"]
[PlyCount "78"]
[EventDate "2004.??.??"]

1. c4 Nf6 2. Nc3 d5 3. cxd5 Nxd5 4. g3 g6 5. Bg2 c6 6. Qa4 Nf6 7. Nf3 Bg7 8.
O-O O-O 9. d4 Bf5 10. Nh4 Be6 11. e4 Qd7 12. Be3 b5 13. Qa5 Bh3 14. Rfd1 Bxg2
15. Kxg2 Qb7 16. f3 e6 17. Rac1 Nbd7 18. Kg1 Nb6 19. b3 Rfc8 20. Ng2 Bf8 21.
Ne2 Be7 22. Ngf4 Bd8 23. Qd2 a5 24. Nd3 a4 25. Nc5 Qe7 26. Bg5 Qe8 27. Nb7 Be7
28. Bxf6 Bxf6 29. Nd6 Qd7 30. Nxc8 Rxc8 31. Qe3 Bd8 32. h4 Qd6 33. Kg2 Qa3 34.
Ra1 Nc4 35. Qc1 axb3 36. Qxa3 Nxa3 37. Rd2 Nc4 38. Rd3 b2 39. Rb1 Ra8 0-1

[Event "StM 2004"]
[Site "Hartberg"]
[Date "2004.07.31"]
[Round "8.37"]
[White "Halser, Walter"]
[Black "Herndlbauer, Martin"]
[Result "0-1"]
[WhiteElo "2120"]
[BlackElo "2145"]
[PlyCount "50"]
[EventDate "2004.??.??"]

1. e4 c5 2. Nc3 Nc6 3. f4 g6 4. Nf3 Bg7 5. Bc4 e6 6. f5 Nge7 7. fxe6 fxe6 8. d3
d5 9. Bb3 b5 10. a4 b4 11. Ne2 Na5 12. O-O Nxb3 13. cxb3 O-O 14. Qc2 Ba6 15.
Re1 dxe4 16. dxe4 Bd3 17. Qxc5 Bxe2 18. Bg5 Bxf3 19. Qxe7 Qxe7 20. Bxe7 Rf7 21.
Bxb4 Bh5 22. Bc3 Rc8 23. e5 g5 24. b4 Bf8 25. h3 a6 {nicht nachvollziehbar} 0-1

[Event "StM 2004"]
[Site "Hartberg"]
[Date "2004.07.31"]
[Round "8.38"]
[White "Bachofner, Christian"]
[Black "Deutsch, Ludwig"]
[Result "1/2-1/2"]
[WhiteElo "2163"]
[BlackElo "2155"]
[PlyCount "68"]
[EventDate "2004.??.??"]

1. e4 c5 2. Nf3 Nc6 3. d4 cxd4 4. Nxd4 e5 5. Nb5 a6 6. Nd6+ Bxd6 7. Qxd6 Qe7 8.
Qxe7+ Ngxe7 9. Nc3 d5 10. exd5 Nb4 11. Bd3 Nbxd5 12. Nxd5 Nxd5 13. Bd2 Be6 14.
O-O O-O-O 15. Rfe1 Nf4 16. Bxf4 exf4 17. a3 Kc7 18. Rad1 a5 19. Be4 h6 20. Bf3
b6 21. Rxd8 Rxd8 22. Rd1 Rxd1+ 23. Bxd1 Bc4 24. f3 Kd6 25. Kf2 Ke5 26. Be2 Bd5
27. Ke1 g5 28. Kd2 f5 29. c4 Bc6 30. Kc3 h5 31. b4 g4 32. bxa5 bxa5 33. h3 h4
34. Kd3 Bb7 1/2-1/2

[Event "StM 2004"]
[Site "Hartberg"]
[Date "2004.07.31"]
[Round "8.39"]
[White "Almer, Gerald"]
[Black "Krenek, Markus"]
[Result "1/2-1/2"]
[WhiteElo "2105"]
[BlackElo "2117"]
[PlyCount "28"]
[EventDate "2004.??.??"]

1. d4 Nf6 2. Nf3 g6 3. Bg5 Bg7 4. c4 d6 5. Nc3 Nbd7 6. Qc2 h6 7. Bd2 O-O 8. e3
e5 9. dxe5 dxe5 10. Rb1 a5 11. a3 c6 12. Be2 Qe7 13. O-O Rd8 14. b4 axb4
1/2-1/2

[Event "StM 2004"]
[Site "Hartberg"]
[Date "2004.??.??"]
[Round "9.2"]
[White "Danner, Georg"]
[Black "Stanec, Nikolaus"]
[Result "0-1"]
[WhiteElo "2432"]
[BlackElo "2562"]
[PlyCount "72"]
[EventDate "2004.??.??"]

1. d4 Nf6 2. Nf3 c5 3. d5 b5 4. c4 bxc4 5. Nc3 d6 6. e4 g6 7. Bxc4 Bg7 8. O-O
O-O 9. Re1 Bg4 10. h3 Bxf3 11. Qxf3 Nbd7 12. Qe2 Rb8 13. Bb5 Ne8 14. Bf4 Ne5
15. Qc2 Nc7 16. Bf1 e6 17. Rad1 exd5 18. exd5 Rb4 19. Bc1 f5 20. a3 Rb8 21. f4
Nd7 22. Kh2 Nf6 23. Be2 Qd7 24. Bf3 Rfe8 25. Rxe8+ Rxe8 26. Qb3 h5 27. Qb7 Ng4+
28. hxg4 hxg4 29. Bxg4 fxg4 30. Kg3 g5 31. Rh1 Rf8 32. Re1 gxf4+ 33. Bxf4 Rxf4
34. Kxf4 Ne6+ 35. dxe6 Qxb7 36. e7 Be5+ 0-1

[Event "StM 2004"]
[Site "Hartberg"]
[Date "2004.??.??"]
[Round "9.3"]
[White "Lehner, Oliver"]
[Black "Weiss, Christian"]
[Result "1/2-1/2"]
[WhiteElo "2425"]
[BlackElo "2408"]
[PlyCount "132"]
[EventDate "2004.??.??"]

1. e4 c6 2. d4 d5 3. exd5 cxd5 4. c4 Nf6 5. Nc3 e6 6. Nf3 Be7 7. Bd3 dxc4 8.
Bxc4 O-O 9. O-O Nc6 10. Bg5 Qb6 11. Qd2 Rd8 12. Rad1 Nd5 13. Bxd5 exd5 14. Bxe7
Nxe7 15. Rfe1 Ng6 16. Ne5 Bf5 17. Rc1 Qa6 18. h3 Nf8 19. Qf4 Be6 20. Qd2 Rac8
21. Nd3 b6 22. Nf4 Qb7 23. Qd3 a6 24. a3 Rc4 25. b3 Rc7 26. Nce2 Rdc8 27. Qe3
h6 28. Ng3 Rxc1 29. Rxc1 Rxc1+ 30. Qxc1 Qe7 31. b4 Qd6 32. Nge2 Bd7 33. Nc3 Ne6
34. Nfxd5 Bc6 35. Nxb6 Qxd4 36. Qe3 Qd8 37. f3 Qh4 38. Qe5 Nf4 39. Nbd5 Bxd5
40. Nxd5 Nxd5 41. Qxd5 Qf6 42. Qb3 Qb6+ 43. Kf1 Qb5+ 44. Kf2 Qb6+ 45. Qe3 Qb5
46. Qc5 Qd7 47. Qc4 Qd2+ 48. Kg3 Qd6+ 49. Kf2 g5 50. Qc8+ Kh7 51. Qc2+ Kg8 52.
Qc3 Qb6+ 53. Qc5 Qe6 54. Qe3 Qd5 55. f4 gxf4 56. Qxf4 Qa2+ 57. Kg1 Qxa3 58.
Qxh6 Qa1+ 59. Kf2 Qb2+ 60. Kf1 Qxb4 61. Qxa6 Qf4+ 62. Ke2 Qe4+ 63. Kf2 Qf4+ 64.
Kg1 Qe3+ 65. Kh1 Qc1+ 66. Kh2 Qf4+ 1/2-1/2

[Event "StM 2004"]
[Site "Hartberg"]
[Date "2004.??.??"]
[Round "9.4"]
[White "Karner, Christoph"]
[Black "Lendwai, Reinhard"]
[Result "1/2-1/2"]
[WhiteElo "2364"]
[BlackElo "2388"]
[PlyCount "77"]
[EventDate "2004.??.??"]

1. d4 d5 2. c4 c6 3. Nf3 Nf6 4. Nc3 a6 5. c5 Nbd7 6. Bf4 Nh5 7. e3 g6 8. Bd3
Bg7 9. O-O O-O 10. h3 Nxf4 11. exf4 Qc7 12. g3 b6 13. cxb6 Nxb6 14. Kg2 c5 15.
dxc5 Qxc5 16. Rc1 Qd6 17. Qe2 Bb7 18. Rfd1 Rfe8 19. Kh2 e6 20. h4 Nd7 21. Re1
e5 22. fxe5 Nxe5 23. Nxe5 Bxe5 24. Qd2 Qf6 25. f4 Bd4 26. Bf1 Qb6 27. Na4 Bg1+
28. Kg2 Qd4 29. Qxd4 Bxd4 30. Be2 Rac8 31. Bf3 Rxe1 32. Rxe1 Kf8 33. Re2 Rc1
34. Rd2 Be3 35. Re2 Bd4 36. Rd2 Be3 37. Re2 Bd4 38. Rd2 Be3 39. Re2 1/2-1/2

[Event "StM 2004"]
[Site "Hartberg"]
[Date "2004.??.??"]
[Round "9.5"]
[White "Fahrner, Kurt"]
[Black "Arwanitakis, Michael"]
[Result "1-0"]
[WhiteElo "2342"]
[BlackElo "2242"]
[PlyCount "51"]
[EventDate "2004.??.??"]

1. d4 Nf6 2. c4 g6 3. Nc3 Bg7 4. Nf3 d6 5. e4 Na6 6. Be2 O-O 7. e5 Nd7 8. Bf4
Nb4 9. O-O Nc6 10. exd6 cxd6 11. d5 Nce5 12. Nd4 Qb6 13. Ndb5 a6 14. Be3 Nc5
15. b4 Nxc4 16. Bxc4 axb5 17. bxc5 Qa5 18. Nxb5 Bd7 19. Rb1 Rfc8 20. Qe2 dxc5
21. Bg5 Ra6 22. Qxe7 Bf5 23. d6 Bxb1 24. Qxf7+ Kh8 25. Bf6 Bxf6 26. Qxf6# 1-0

[Event "StM 2004"]
[Site "Hartberg"]
[Date "2004.??.??"]
[Round "9.6"]
[White "Neumeier, Klaus"]
[Black "Neubauer, Martin"]
[Result "0-1"]
[WhiteElo "2305"]
[BlackElo "2429"]
[PlyCount "76"]
[EventDate "2004.??.??"]

1. e4 Nf6 2. e5 Nd5 3. d4 d6 4. Nf3 dxe5 5. Nxe5 c6 6. Nd2 Nd7 7. Ndf3 Nxe5 8.
Nxe5 g6 9. h4 Bg7 10. h5 Be6 11. Bc4 Nc7 12. Bxe6 Nxe6 13. Qf3 f6 14. Qb3 fxe5
15. Qxe6 Qd5 16. Qg4 Qxd4 17. Qe2 O-O-O 18. c3 Qd5 19. Qg4+ Kb8 20. Be3 Rd6 21.
Rh4 Bf6 22. Rh3 gxh5 23. Rxh5 Rg8 24. Qa4 a6 25. g3 Qf3 26. Qc4 Rxg3 27. fxg3
Qxh5 28. Qg8+ Kc7 29. Kf2 Qh2+ 30. Kf3 Qxb2 31. Re1 e4+ 32. Kg4 Qxc3 33. Re2
Qd3 34. Re1 Bc3 35. Qxh7 Bxe1 36. Qxe7+ Rd7 37. Qe5+ Qd6 38. Qa5+ Bxa5 0-1

[Event "StM 2004"]
[Site "Hartberg"]
[Date "2004.??.??"]
[Round "9.7"]
[White "Diermair, Andreas"]
[Black "Freitag, Manfred"]
[Result "0-1"]
[WhiteElo "2236"]
[BlackElo "2397"]
[PlyCount "113"]
[EventDate "2004.??.??"]

1. e4 g6 2. d4 Bg7 3. Nc3 d6 4. f4 Nd7 5. Nf3 a6 6. a4 b6 7. Bc4 e6 8. f5 Nf8
9. O-O h6 10. Qe2 Ne7 11. Bf4 gxf5 12. exf5 Nxf5 13. Qe4 Ra7 14. Rae1 Ne7 15.
d5 Nfg6 16. Bg3 f5 17. Qe2 e5 18. Nh4 O-O 19. Qh5 Qe8 20. Bd3 Nxh4 21. Qxh4 Bd7
22. Ne2 e4 23. Nf4 Ng6 24. Qh3 Ne5 25. Be2 Ng4 26. c3 Ra8 27. Kh1 Kh7 28. Ne6
Bxe6 29. dxe6 Qxe6 30. Bf4 b5 31. axb5 axb5 32. Bxb5 Rab8 33. c4 Bxb2 34. Bc6
Be5 35. Bd5 Qg6 36. Bxe5 dxe5 37. c5 c6 38. Bc4 Rb2 39. Be2 h5 40. Kg1 Qg5 41.
Bxg4 fxg4 42. Qc3 Qd2 43. Qxd2 Rxf1+ 44. Kxf1 Rxd2 45. Rxe4 Rd5 46. Rc4 Kg6 47.
Ke2 Kf5 48. Ke3 e4 49. Rc1 Ke5 50. Rc4 Rd3+ 51. Ke2 Ra3 52. Rc1 Ra2+ 53. Kf1
Kd4 54. h3 g3 55. h4 Rf2+ 56. Ke1 Rxg2 57. Rd1+ 0-1

[Event "StM 2004"]
[Site "Hartberg"]
[Date "2004.??.??"]
[Round "9.8"]
[White "Sandhoefner, Florian"]
[Black "Mahdy, Khaled"]
[Result "1/2-1/2"]
[WhiteElo "2240"]
[BlackElo "2379"]
[PlyCount "62"]
[EventDate "2004.??.??"]

1. e4 e5 2. Nf3 Nc6 3. Bb5 a6 4. Ba4 Nf6 5. O-O Be7 6. Re1 b5 7. Bb3 O-O 8. c3
d6 9. h3 Na5 10. Bc2 c5 11. d4 cxd4 12. cxd4 Nc6 13. Nc3 Bd7 14. Bg5 Rc8 15.
Qd2 exd4 16. Nxd4 b4 17. Nce2 Nxe4 18. Bxe4 Bxg5 19. Qd3 g6 20. Qxa6 d5 21. Bf3
Bf6 22. Red1 Nxd4 23. Nxd4 Rc4 24. Nb3 Be6 25. Qb5 Rc2 26. Bxd5 Bxd5 27. Rxd5
Qa8 28. Rad1 Qxa2 29. Qxb4 Rxb2 30. Qf4 Qxb3 31. Qxf6 Rb1 1/2-1/2

[Event "StM 2004"]
[Site "Hartberg"]
[Date "2004.??.??"]
[Round "9.9"]
[White "Hoelzl, Franz"]
[Black "Druckenthaner, Andreas"]
[Result "1-0"]
[WhiteElo "2373"]
[BlackElo "2290"]
[PlyCount "71"]
[EventDate "2004.??.??"]

1. c4 c5 2. Nf3 Nc6 3. e3 Nf6 4. Nc3 e6 5. d4 d5 6. cxd5 exd5 7. Bb5 Bd6 8.
dxc5 Bxc5 9. O-O O-O 10. b3 a6 11. Bxc6 bxc6 12. Bb2 Bd6 13. Rc1 Re8 14. Na4
Bd7 15. Nc5 Bxc5 16. Rxc5 Ne4 17. Rc2 f6 18. Ba3 Bg4 19. Rxc6 Qd7 20. Rc1 Ng5
21. Kh1 Re4 22. Rc7 Qd8 23. Be7 Rxe7 24. Rxe7 d4 25. Qxd4 Nxf3 26. Qc4+ Kh8 27.
Qxg4 Qxe7 28. Qxf3 Rc8 29. h3 h6 30. Kg1 a5 31. Qf5 Rc5 32. Qd3 Qc7 33. Rd1 Rc2
34. Qd8+ Qxd8 35. Rxd8+ Kh7 36. a4 1-0

[Event "StM 2004"]
[Site "Hartberg"]
[Date "2004.??.??"]
[Round "9.10"]
[White "Benda, Herbert"]
[Black "Schroll, Gerhard"]
[Result "1-0"]
[WhiteElo "2336"]
[BlackElo "2367"]
[PlyCount "69"]
[EventDate "2004.??.??"]

1. e4 e6 2. d4 c5 3. d5 exd5 4. exd5 d6 5. c4 Nf6 6. Bd3 Be7 7. h3 O-O 8. Nf3
Na6 9. Nc3 Nc7 10. O-O Bd7 11. Re1 a6 12. Qc2 b5 13. b3 b4 14. Ne2 a5 15. g4 g6
16. Ng3 Nfe8 17. Bh6 Ng7 18. Ne4 f5 19. Neg5 Bf6 20. Rad1 Bc3 21. Re3 Qf6 22.
Nxh7 Kxh7 23. Bg5 Qf7 24. Re7 Rae8 25. Rxf7 Rxf7 26. Bf4 Be5 27. Bxe5 dxe5 28.
Ng5+ Kg8 29. Nxf7 Kxf7 30. f3 Kf6 31. Qf2 Na6 32. Re1 Rh8 33. Qh2 f4 34. h4 Re8
35. Qb2 1-0

[Event "StM 2004"]
[Site "Hartberg"]
[Date "2004.??.??"]
[Round "9.11"]
[White "Beck, Hartmuth"]
[Black "Wittmann, Walter"]
[Result "1/2-1/2"]
[WhiteElo "2279"]
[BlackElo "2337"]
[PlyCount "37"]
[EventDate "2004.??.??"]

1. d4 Nf6 2. c4 g6 3. Nc3 Bg7 4. e4 d6 5. f4 O-O 6. Nf3 c5 7. d5 e6 8. Be2 exd5
9. cxd5 Bg4 10. O-O Nbd7 11. Re1 Ne8 12. h3 Bxf3 13. Bxf3 Rb8 14. a4 a6 15. Re2
Nc7 16. Qe1 Re8 17. Kh1 b5 18. axb5 axb5 19. Nd1 1/2-1/2